| 000 | 00569nam a2200205Ia 4500 | ||
|---|---|---|---|
| 003 | OSt | ||
| 005 | 20230417104418.0 | ||
| 008 | 210423s2010 xx 000 0 und d | ||
| 020 | _a8130906708 | ||
| 040 | _cAL | ||
| 041 | _aeng | ||
| 082 | _a809.935 BLOH | ||
| 100 |
_aBLOOM (Harold),Ed. _989153 |
||
| 245 | _aSamuel Becketts waiting for Godot. | ||
| 260 |
_aNew Delhi _bViva Books Pvt Ltd _c2010 |
||
| 300 |
_avii,131 _bPB |
||
| 365 |
_b99 _cINR |
||
| 906 | _aBecketts ; critical ; Godot. ; interpretations ; modern ; Samuel ; Viva ; waiting | ||
| 942 |
_2ddc _cBK |
||
| 999 |
_c159896 _d159896 |
||